• 首页
  • 本馆介绍
  • 公告通知
  • 最新文献
  • 馆藏检索
  • 电子资源
  • 读者导购
  • 参考咨询
  • 我的图书馆
  • 登录
  • 详细信息显示
  • 放入我的书架
  • 预约/预借图书
  • 作者相关作品
  • 分类相关作品
  • 丛书相关作品
  • 出版社相关作品

书目信息

  • 表格格式
  • 工作单格式
  • 卡片格式
题名:
基于VaR的商业银行风险管理
    
 
作者: 刘晓星 著
分册:  
出版信息: 北京   中国社会科学出版社  2007
页数: 202页
开本: 24cm
丛书名: 广东商学院学术文库
单 册:
中图分类: F830.33
科图分类:
主题词: 商业银行--风险管理--研究 , 商业银行 , 风险管理
电子资源:
ISBN: 978-7-5004-6285-9
000 01146oam2 2200301 45
001 1029967550
005 20100428150507.32
010    @a978-7-5004-6285-9@dCNY24.00
100    @a20100420d2007 em y0chiy50 ea
101 0  @achi
102    @aCN@b110000
105    @ay z 000yy
106    @ar
200 1  @a基于VaR的商业银行风险管理@AJi Yu VaR De Shang Ye Yin Xing Feng Xian Guan Li@f刘晓星著@FLiu Xiao Xing Zhu
210    @a北京@c中国社会科学出版社@d2007
215    @a202页@d24cm
225 2  @a广东商学院学术文库
312    @a封面英文题名:Commercial bank risk management based VaR
330    @a本书分析了VaR和风险资本(CaR)之间的内在联系,结合我国金融发展现状,对金融监管、资本投资、风险控制等做了深入研究,提出了我国现阶段基于RAROC的商业银行全面风险管理框架和统一于VaR的银行风险资本配置思路。
461  0 @12001 @a广东商学院学术文库
510 1  @aCommercial bank risk management based VaR@zeng
606 0  @a商业银行@x风险管理@x研究
606 0  @a商业银行
606 0  @a风险管理
690    @aF830.33@v4
701  0 @a刘晓星@ALiu Xiao Xing@f(1970.9~)@4著
801  0 @aCN@bTANGWEI@c20100428
905    @b0595010-14@dF830.33@e189@f5
    
    基于VaR的商业银行风险管理/刘晓星著.-北京:中国社会科学出版社,2007
    202页;24cm.-(广东商学院学术文库)
    
    
    ISBN 978-7-5004-6285-9:CNY24.00
    本书分析了VaR和风险资本(CaR)之间的内在联系,结合我国金融发展现状,对金融监管、资本投资、风险控制等做了深入研究,提出了我国现阶段基于RAROC的商业银行全面风险管理框架和统一于VaR的银行风险资本配置思路。
●
相关链接 在E读中查询图书 在五车中查询图书 在当当中查询图书 在豆瓣中查询图书


正题名:基于VaR的商业银行风险管理     索取号:F830.33/189         预约/预借

序号 登录号 条形码 馆藏地/架位号 状态 备注
1 0595010   205950103   第一样本阅览室/ [索取号:F830.33/189] 在馆    
2 0595011   205950112   第一借阅区/ [索取号:F830.33/189] 在馆    
3 0595012   205950121   第一借阅区/ [索取号:F830.33/189] 在馆    
4 0595013   205950130   第一借阅区/ [索取号:F830.33/189] 在馆    
5 0595014   205950149   第一借阅区/ [索取号:F830.33/189] 在馆    
唐山师范学院图书馆 欢迎您!
大连网信软件有限公司© 版权所有